| 000 | 01033nam a22002535a 4500 | ||
|---|---|---|---|
| 005 | 20080910054018.0 | ||
| 008 | 080806s2008 ii a b 000 0 eng | ||
| 010 | _aENG-92914 | ||
| 020 |
_a9788123752549 _c100.00 |
||
| 035 | _aEN-76447 | ||
| 037 | _bDBAD / PUB | ||
| 040 |
_adpl _bEnglish |
||
| 082 | _a370.190954 | ||
| 100 | _aMahajan, Sucheta, | ||
| 245 |
_aEducation for social change : _bMVF and child labour / _cby Sucheta Mahajan. |
||
| 260 |
_aNew Delhi _bNational Book Trust _c2008 |
||
| 270 |
_aA-5, Green Park, _bNew Delhi _e110016 |
||
| 300 |
_aix, 86 p. : _bcol. ill. _c23 cm (Hb) |
||
| 500 | _aIncludes bibliographical references | ||
| 520 | _aOn the activities of M.V. Foundation in fostering education for the children. | ||
| 650 |
_aEducation _xSocial aspects _zIndia. |
||
| 942 |
_2ddc _cEN _mMAH _h370.190954 |
||
| 999 |
_c23271 _d23271 |
||